000 00558nam a2200193Ia 4500
005 20250508162233.0
008 008 250505s9999 xx 000 0 eng d
037 _aReference
040 _aFEDL
_beng
_cFEDL
041 _aeng
_2eng
084 _a152.452, EDW
_qFEDL
100 _aEdwards Allen L.
245 0 _aTechniques of attitude scale construction
260 _aBombay, India
_bVakils, Feffer and Simons Pvt. Ltd. 
_c1957
300 _axiii,256p
365 _aINR
_b8
942 _cREF
_h152.452, EDW
999 _c1375291
_d1375291